| 000 | 00000nas##2200000za#4500 |
| 001 | 9.510417 |
| 003 | CaOODSP |
| 005 | 20210305160056 |
| 007 | ta |
| 008 | 150406c1991||||xxc|| p #||||f| |0fre|d |
| 022 | |a0829-7460 |
| 040 | |aCaOODSP|bfre |
| 041 | |aeng |
| 041 | |afre |
| 043 | |an-cn--- |
| 086 | 1 |aYC11-343/1 |
| 110 | 1 |aCanada. |bParlement. |bSénat. |bComité sénatorial permanent des banques et du commerce. |
| 245 | 10|aComité permanent des banques et du commerce, délibérations / |cPrésident: L'honorable C. William Doody. |
| 260 | |bSénat. |
| 310 | |aIrrégulier |
| 362 | 1 |a3e session, 34e législature, 40-42 Élizabeth II, 1991-1993 |
| 546 | |aBilingue |
| 791 | |tStanding Committee on Banking, Trade and Commerce, proceedings / |eeng|w(CaOODSP)9.510416 |